STN EN 13108-2/AC: 2008 (73 6163) [neplatná], Asfaltové zmesi. Požiadavky na materiály Časť 2 Asfaltový koberec veľmi tenký. Oprava AC
Táto oprava AC STN 13108-2: 2007 je slovenskou verziou európskej normy EN 13108-2: 2006/AC: 2008. Má rovnaké postavenie ako majú oficiálne verzie
| Corporate Author: | |
|---|---|
| Format: | Book |
| Language: | Slovak English |
| PhysicalDescription: | 4 s. 30 cm |
| Published: |
Bratislava
Slovenský ústav technickej normalizácie
2008
|
| Subjects: |
MARC
| LEADER | 00000nam a2200000 a 4500 | ||
|---|---|---|---|
| 001 | vtls009827491 | ||
| 003 | SK-MaSNL | ||
| 005 | 20260301082731.0 | ||
| 008 | 160624s2008 xo f u 000 0 slo | ||
| 015 | |a SNBN2010/02-00947 | ||
| 020 | |c (cen. skup. 5) | ||
| 035 | |a (SVKBBclas03)vtls000292897 | ||
| 040 | |a SNK |b slo |c SNK |e AACR2 | ||
| 041 | 1 | |a slo |h eng | |
| 044 | |a xo |c SK | ||
| 046 | |a m |m 20080701 (účin.) |n 20180331 (zruš.) | ||
| 072 | 7 | |a 665 |x Oleje. Tuky. Vosky. Spojivá. Živice |2 konspekt | |
| 080 | |a 665.775 |2 2001 | ||
| 080 | |a 006.7/.8 |2 2001 | ||
| 080 | |a (437.6) |2 2001 | ||
| 080 | |a (4) |2 2001 | ||
| 084 | |a 93.080.20 |2 ICS | ||
| 130 | 0 | |a STN 73 6163 (STN EN 13108-2/AC) [neplatná] |9 408254 | |
| 245 | 1 | 0 | |a STN EN 13108-2/AC: 2008 (73 6163) [neplatná], Asfaltové zmesi. Požiadavky na materiály |n Časť 2 |p Asfaltový koberec veľmi tenký. Oprava AC |
| 246 | 1 | 0 | |a Asfaltové zmesi. Požiadavky na materiály |
| 246 | 1 | 0 | |a Asfaltový koberec veľmi tenký. Oprava AC |
| 246 | 3 | |a EN 13108-2/AC: 2008 | |
| 260 | |a Bratislava |b Slovenský ústav technickej normalizácie |c 2008 | ||
| 300 | |a 4 s. |c 30 cm | ||
| 500 | |a Súbežný názov v angličtine, francúzštine, nemčine | ||
| 500 | |a Norma je od 1.12.2016 nahradená anglickou verziou normy STN EN 13108-2 z decembra 2016, ktorú nahradila slovenská verzia normy STN EN 13108-2 z októbra 2019 v celom rozsahu | ||
| 520 | 8 | |a Táto oprava AC STN 13108-2: 2007 je slovenskou verziou európskej normy EN 13108-2: 2006/AC: 2008. Má rovnaké postavenie ako majú oficiálne verzie | |
| 540 | |a STN vydané na akomkoľvek nosiči sa môžu rozmnožovať a rozširovať iba so súhlasom určenej právnickej osoby |b SÚTN Bratislava |c zákon 264/1999 Z.z. | ||
| 650 | 0 | 7 | |a asfaltový koberec |2 SVKBBPH |9 408255 |
| 650 | 0 | 7 | |a asfaltové zmesi |2 SVKBBPH |9 51236 |
| 650 | 0 | 7 | |a technické normy a štandardy |z Slovensko |2 SVKBBPH |9 79594 |
| 650 | 0 | 7 | |a technické normy a štandardy |z krajiny Európskej únie |2 SVKBBPH |9 289341 |
| 655 | 7 | |a normy |2 SVKBBPH |9 70643 | |
| 710 | 2 | |a Slovenský ústav technickej normalizácie |4 stn |4 trl |9 32706 | |
| 774 | 1 | 8 | |t STN EN 13108-2: 2007 |d Bratislava : Slovenský ústav technickej normalizácie, 2007 |w vtls009871810 |
| 958 | |a OP | ||
| 999 | |c 659049 |d 660979 | ||
| 952 | |a SNK |b SNK |y PREZ |7 0 |p 17A0641033 |o snkSTN EN 13108-2/AC D1 |i snk2010/152 |8 0 |0 0 |1 0 |4 0 |d 2010-01-07 |l 0 |r 2026-02-23 18:48:31 |w 2026-02-23 | ||
| 952 | |a SNK |b SNK |y PREZ |7 0 |p 17A0641032 |o snkSTN EN 13108-2/AC |i snk2010/151 |8 0 |0 0 |1 0 |4 0 |d 2010-01-07 |l 0 |r 2026-02-23 18:48:31 |w 2026-02-23 | ||


